GALPA SAMAGRA BY MAHIM BORA (COLLECTION OF SHORT STORIES ) (Record no. 14986)
[ view plain ]
| 000 -LEADER | |
|---|---|
| fixed length control field | 00438cam a2200181ua 4500 |
| 008 - FIXED-LENGTH DATA ELEMENTS--GENERAL INFORMATION | |
| fixed length control field | 121020n II |||gr||||Z||||||eng |
| 040 ## - CATALOGING SOURCE | |
| Original cataloging agency | MAIN |
| 041 ## - LANGUAGE CODE | |
| -- | English |
| 082 ## - DEWEY DECIMAL CLASSIFICATION NUMBER | |
| Classification number | 891.453 BOR |
| 100 ## - MAIN ENTRY--PERSONAL NAME | |
| Personal name | BORA , MOHIM . |
| 245 ## - TITLE STATEMENT | |
| Title | GALPA SAMAGRA BY MAHIM BORA (COLLECTION OF SHORT STORIES ) |
| 250 ## - EDITION STATEMENT | |
| Edition statement | 2nd. |
| 260 ## - PUBLICATION, DISTRIBUTION, ETC. | |
| Place of publication, distribution, etc. | DIBRUGARH |
| Name of publisher, distributor, etc. | BANALATA |
| Date of publication, distribution, etc. | 2004-05 |
| 300 ## - PHYSICAL DESCRIPTION | |
| Extent | 420.: |
| Dimensions | 22C. |
| 942 ## - ADDED ENTRY ELEMENTS (KOHA) | |
| Koha item type | Books |
| 653 ## - INDEX TERM--UNCONTROLLED | |
| Uncontrolled term | Galpa |
| Withdrawn status | Lost status | Damaged status | Not for loan | Collection code | Home library | Current library | Shelving location | Date acquired | Full call number | Barcode | Date last seen | Copy number | Price effective from | Koha item type |
|---|---|---|---|---|---|---|---|---|---|---|---|---|---|---|
| REFASM | Central Library and Information Centre Sibsagar Girls College | Central Library and Information Centre Sibsagar Girls College | 13.07.2008 | 891.453 BOR | 23291 | 27.02.2020 | 1 | 27.02.2020 | Books |